[Event "SRB-chT2 East CS"]
[Site "Kragujevac"]
[Date "2016.10.09"]
[Round "11.5"]
[White "Djordjevic, Lazar"]
[Black "Lazovic, Bozidar"]
[Result "1/2-1/2"]
[WhiteElo "1959"]
[BlackElo "1886"]
[PlyCount "92"]
[EventDate "2016.08.26"]
[EventType "team-tourn"]
[EventRounds "11"]
[EventCountry "SRB"]
[SourceTitle "EXT 2021"]
[Source "ChessBase"]
[SourceDate "2020.10.23"]
[SourceVersion "1"]
[SourceVersionDate "2020.10.23"]
[SourceQuality "1"]

1. e4 c5 2. Nf3 d6 3. c3 Nf6 4. h3 Nc6 5. Bd3 g6 6. Bc2 Bg7 7. 0-0 0-0 8. d4 e5 9. dxc5 dxc5 10. Be3 Qe7 11. Nbd2 b6 12. Qe2 Bb7 13. Rfd1 Rfd8 14. Nf1 h6 15. Ng3 a6 16. Nd2 b5 17. Nb3 Nd7 18. h4 c4 19. Nd2 Qxh4 20. a4 Qe7 21. b3 cxb3 22. Bxb3 bxa4 23. Bxa4 Nc5 24. Bc2 a5 25. Qb5 Ne6 26. Rdb1 Rab8 27. Nb3 Ba8 28. Qc4 Qc7 29. Qe2 Bf8 30. Nd2 Rxb1+ 31. Bxb1 Qd6 32. Bc2 Bb7 33. Nc4 Qd7 34. Nb6 Qd6 35. Qg4 Nf4 36. Rd1 Qa3 37. Rxd8 Nxd8 38. Bxf4 exf4 39. Qxf4 Qxc3 40. Ba4 Qb4 41. Qc7 Qe7 42. Qc3 Bxe4 43. Qxa5 Bc6 44. Nd5 Bxd5 45. Qxd5 Ne6 46. Bb3 Qc5 1/2-1/2

[Event "SRB-chT2 East CS"]
[Site "Kragujevac"]
[Date "2016.08.26"]
[Round "1.28"]
[White "Lazovic, Bozidar"]
[Black "Petrovic, Tijana"]
[Result "0-1"]
[WhiteElo "1886"]
[BlackElo "1811"]
[PlyCount "76"]
[EventDate "2016.08.26"]
[EventType "team-tourn"]
[EventRounds "11"]
[EventCountry "SRB"]
[SourceTitle "EXT 2021"]
[Source "ChessBase"]
[SourceDate "2020.10.23"]
[SourceVersion "1"]
[SourceVersionDate "2020.10.23"]
[SourceQuality "1"]

1. e4 c5 2. Nc3 d6 3. g3 Nf6 4. Bg2 Nc6 5. Nge2 e5 6. 0-0 h5 7. h4 Be7 8. d3 0-0 9. Bg5 Ng4 10. Bxe7 Nxe7 11. Qd2 Rb8 12. f3 Nf6 13. Qg5 b5 14. f4 Bg4 15. fxe5 Nh7 16. Qe3 dxe5 17. Nd1 Qd6 18. Nf2 Nf6 19. Bf3 Bxf3 20. Qxf3 Nc6 21. c3 b4 22. c4 b3 23. Qe3 Nb4 24. axb3 Nc2 25. Qg5 Nxa1 26. Rxa1 Rxb3 27. Nc3 Rxb2 28. Nb5 Qb8 29. Nd1 Rb3 30. Ra6 Rxd3 31. Nf2 Nh7 32. Qxh5 Rxg3+ 33. Kh2 Rb3 34. Ra1 Rb2 35. Qf3 Qd8 36. Qg3 Qd2 37. Kg2 Nf6 38. Rf1 Nxe4 0-1

[Event "SRB-chT2 East"]
[Site "Zajecar"]
[Date "2013.10.11"]
[Round "3"]
[White "Stankovic, Sara"]
[Black "Lazovic, Bozidar"]
[Result "0-1"]
[WhiteElo "1434"]
[BlackElo "1829"]
[PlyCount "102"]
[EventDate "2013.10.10"]
[EventType "team-swiss"]
[EventRounds "8"]
[EventCountry "SRB"]
[SourceTitle "EXT 2014"]
[Source "ChessBase"]
[SourceDate "2013.11.20"]
[SourceVersion "1"]
[SourceVersionDate "2013.11.20"]
[SourceQuality "1"]

1. e4 c5 2. Nf3 d6 3. d4 cxd4 4. Nxd4 Nf6 5. Nc3 g6 6. Be2 Bg7 7. 0-0 0-0 8. Be3 Nc6 9. Nb3 a5 10. f4 Nd7 11. Qe1 a4 12. Nc1 a3 13. b3 Nc5 14. Bf3 Nd4 15. Bxd4 Bxd4+ 16. Kh1 Bg7 17. N1e2 Be6 18. Rd1 Qb8 19. Nb5 Bd7 20. Nbc3 Bc6 21. Nd5 Re8 22. Nd4 e6 23. Nxc6 bxc6 24. Nb4 Qc7 25. e5 d5 26. Qe3 Bf8 27. Nd3 Na6 28. g4 Rad8 29. f5 exf5 30. gxf5 Nb4 31. Nxb4 Bxb4 32. f6 Qxe5 33. Qh6 Bf8 34. Qh4 Rb8 35. Rd4 Re6 36. Bd1 Rbe8 37. Kg2 Bc5 38. Rg4 Qc3 39. Rf2 Re1 40. Rg3 Qa1 41. Bh5 Rg1+ 42. Kh3 Bd6 43. Rxg1 Qxg1 44. Rg2 Re3+ 45. Qg3 Rxg3+ 46. hxg3 Qh1+ 47. Rh2 Qf1+ 48. Kh4 gxh5 49. Kxh5 Qxf6 50. Rd2 Qg6+ 51. Kh4 Qh6+ 0-1

[Event "SRB Central-ch op-B 6th"]
[Site "Paracin"]
[Date "2013.07.11"]
[Round "8"]
[White "Lazovic, Bozidar"]
[Black "Brankovan, Mario"]
[Result "1/2-1/2"]
[WhiteElo "1786"]
[BlackElo "1938"]
[PlyCount "172"]
[EventDate "2013.07.05"]
[EventType "swiss"]
[EventRounds "9"]
[EventCountry "SRB"]
[SourceTitle "CBM 155 Extra"]
[Source "ChessBase"]
[SourceDate "2013.08.26"]
[SourceVersion "1"]
[SourceVersionDate "2013.08.26"]
[SourceQuality "1"]

1. e4 c5 2. Ne2 e6 3. g3 d5 4. Bg2 dxe4 5. Bxe4 Nf6 6. Bg2 Nc6 7. d3 Be7 8. 0-0 Qc7 9. Nbc3 0-0 10. Nf4 Ne5 11. Re1 Bd7 12. Qe2 Nc6 13. Ne4 Nxe4 14. dxe4 Nd4 15. Qd1 Rad8 16. c3 Nc6 17. Qc2 g6 18. Be3 Ne5 19. Rad1 Bf6 20. Nd3 Nxd3 21. Rxd3 c4 22. Rd2 Qa5 23. a3 Ba4 24. Qc1 Qb5 25. Ree2 b6 26. Rxd8 Rxd8 27. Rd2 Qe8 28. Rxd8 Qxd8 29. Qd2 Qxd2 30. Bxd2 a5 31. Be3 Bd8 32. Bf1 Bb3 33. e5 Kf8 34. f4 Ke8 35. Kf2 Kd7 36. Ke1 Kc6 37. Kd2 Ba2 38. Kc1 Be7 39. Bg2+ Kc7 40. Bf3 Bb3 41. Be2 Kd7 42. Bf3 Kc7 43. Be2 b5 44. Bf3 b4 45. axb4 axb4 46. Bd4 bxc3 47. bxc3 Ba4 48. Be2 Ba3+ 49. Kd2 Bb5 50. Bf3 Bc6 51. Be2 Bd5 52. Bd1 Kd7 53. Ba4+ Bc6 54. Bd1 Be7 55. Be2 Bd5 56. Bd1 Kc7 57. Ba4 Bc6 58. Bd1 Bd7 59. Be2 Bb5 60. Bf3 Ba6 61. Bd1 Kc6 62. Ba4+ Bb5 63. Bd1 Kb7 64. Bf3+ Ka6 65. Be2 Ka5 66. Bd1 Bc6 67. Be2 Kb5 68. Bd1 Be4 69. Ke2 Bd3+ 70. Kd2 Ba3 71. Bf3 h5 72. h4 Bf5 73. Bd1 Be4 74. Be2 Bg2 75. Bd1 Bh3 76. Bc2 Bg4 77. Be4 Bf5 78. Bf3 Bb2 79. Bd1 Bg4 80. Bc2 Bf5 81. Bd1 Be4 82. Be2 Bf5 83. Bd1 Bd3 84. Bf3 Ba3 85. Bd1 Be7 86. Bf3 Bf5 1/2-1/2

[Event "SRB Central-ch op-B 6th"]
[Site "Paracin"]
[Date "2013.07.09"]
[Round "5"]
[White "Kosir, Franci"]
[Black "Lazovic, Bozidar"]
[Result "1/2-1/2"]
[WhiteElo "1934"]
[BlackElo "1786"]
[PlyCount "41"]
[EventDate "2013.07.05"]
[EventType "swiss"]
[EventRounds "9"]
[EventCountry "SRB"]
[SourceTitle "CBM 155 Extra"]
[Source "ChessBase"]
[SourceDate "2013.08.26"]
[SourceVersion "1"]
[SourceVersionDate "2013.08.26"]
[SourceQuality "1"]

1. c4 c5 2. Nc3 Nc6 3. g3 g6 4. Bg2 Bg7 5. e4 d6 6. Nge2 e6 7. 0-0 Nge7 8. d3 0-0 9. Be3 Nd4 10. Rb1 Nec6 11. h3 Rb8 12. a3 a6 13. b4 Bd7 14. Qd2 Re8 15. f4 Qe7 16. bxc5 dxc5 17. e5 Nxe2+ 18. Qxe2 f6 19. exf6 Bxf6 20. Ne4 Bd4 21. Rb6 1/2-1/2

[Event "SRB-ch U18"]
[Site "Vrnjacka Banja"]
[Date "2013.04.30"]
[Round "1"]
[White "Lazovic, Bozidar"]
[Black "Kiproski, Branislav"]
[Result "0-1"]
[WhiteElo "1797"]
[BlackElo "2058"]
[PlyCount "64"]
[EventDate "2013.04.30"]
[EventType "swiss"]
[EventRounds "9"]
[EventCountry "SRB"]
[SourceTitle "CBM 154 Extra"]
[Source "ChessBase"]
[SourceDate "2013.06.25"]
[SourceVersion "2"]
[SourceVersionDate "2013.06.25"]
[SourceQuality "1"]

1. e4 d6 2. g3 Nf6 3. Bg2 e5 4. Nc3 c6 5. d4 Nbd7 6. Nf3 Be7 7. 0-0 0-0 8. h3 b5 9. a3 Bb7 10. Bg5 Re8 11. Re1 a6 12. Qd2 Bf8 13. dxe5 dxe5 14. Rad1 Qc7 15. Nh4 h6 16. Be3 Nb6 17. Nf5 Nc4 18. Qc1 a5 19. g4 b4 20. Nb1 c5 21. g5 Nxe4 22. gxh6 g6 23. Ng7 Red8 24. Bxe4 Bxe4 25. Bg5 Rxd1 26. Rxd1 Bb7 27. Kh2 Qc6 28. Rg1 Qf3 29. Bh4 e4 30. Qf1 Ne3 31. Qb5 Bd6+ 32. Bg3 Qxf2+ 0-1

[Event "Branicevo Region-chB 1st"]
[Site "Pozarevac"]
[Date "2012.12.23"]
[Round "4"]
[White "Zivkovic, Momcilo"]
[Black "Lazovic, Bozidar"]
[Result "1-0"]
[WhiteElo "2134"]
[BlackElo "1806"]
[PlyCount "90"]
[EventDate "2012.12.21"]
[EventType "swiss"]
[EventRounds "5"]
[EventCountry "SRB"]
[SourceTitle "EXT 2014"]
[Source "ChessBase"]
[SourceDate "2013.11.20"]
[SourceVersion "1"]
[SourceVersionDate "2013.11.20"]
[SourceQuality "1"]

1. e4 c5 2. c3 Qa5 3. Nf3 d6 4. Bc4 Nf6 5. e5 dxe5 6. Nxe5 e6 7. 0-0 Bd6 8. Qe2 0-0 9. f4 Nbd7 10. d4 cxd4 11. cxd4 a6 12. Bd3 Qc7 13. Nc3 b5 14. Ne4 Bb7 15. Kh1 Nxe4 16. Bxe4 Bxe4 17. Qxe4 Nf6 18. Qd3 Rfc8 19. a4 b4 20. b3 Nd5 21. Qf3 Qc3 22. Rb1 Bxe5 23. fxe5 Qxf3 24. Rxf3 Rc2 25. Bg5 h6 26. Bh4 Rac8 27. Rbf1 R8c7 28. Bd8 Rd7 29. Ba5 Rd2 30. Rc1 Rxd4 31. Rc8+ Kh7 32. h3 Ra7 33. Kh2 Re4 34. Rb8 Rxe5 35. Bxb4 Nxb4 36. Rxb4 a5 37. Rb6 Rc5 38. Rd3 e5 39. g4 f6 40. Kg3 Kg6 41. h4 h5 42. g5 e4 43. Re6 Rf7 44. Kf4 Re5 45. gxf6 gxf6 1-0

[Event "Jagodina op"]
[Site "Jagodina"]
[Date "2012.06.16"]
[Round "2"]
[White "Miljkovic, Jovana"]
[Black "Lazovic, Bozidar"]
[Result "0-1"]
[WhiteElo "1674"]
[BlackElo "1788"]
[PlyCount "94"]
[EventDate "2012.06.15"]
[EventType "swiss"]
[EventRounds "5"]
[EventCountry "SRB"]
[SourceTitle "CBM 149 Extra"]
[Source "ChessBase"]
[SourceDate "2012.08.24"]
[SourceVersion "1"]
[SourceVersionDate "2012.08.24"]
[SourceQuality "1"]

1. c4 Nf6 2. Nc3 e6 3. g3 d5 4. cxd5 exd5 5. Bg2 Be7 6. Nf3 0-0 7. d3 c6 8. d4 h6 9. 0-0 Bf5 10. Nh4 Bh7 11. Nf3 Nbd7 12. h3 Ne4 13. Nxe4 Bxe4 14. Be3 Nb6 15. b3 a5 16. a4 Nd7 17. Nd2 Bh7 18. Nf3 Nf6 19. Ne5 Ne4 20. Rc1 f6 21. Nd3 Re8 22. Kh2 Bd6 23. Nc5 Qc7 24. Nxe4 Bxe4 25. Bxe4 Rxe4 26. Qd3 Rae8 27. Rc2 Bxg3+ 28. fxg3 Rxe3 29. Qg6 Rxe2+ 30. Rxe2 Rxe2+ 31. Kg1 Qe7 32. Qf5 Qe3+ 33. Kh1 Qe4+ 34. Qxe4 Rxe4 35. Rf3 Rxd4 36. Kg2 Rd2+ 37. Kf1 Kf7 38. Re3 Rd4 39. Kf2 Re4 40. Rxe4 dxe4 41. Ke3 f5 42. g4 Kf6 43. Kf4 g5+ 44. Ke3 fxg4 45. hxg4 Ke5 46. Ke2 Kf4 47. Kf2 Kxg4 0-1

[Event "SRB Kadetski festival U18 6th"]
[Site "Vrnjacka Banja"]
[Date "2012.04.14"]
[Round "7"]
[White "Jandric, Damjan"]
[Black "Lazovic, Bozidar"]
[Result "1-0"]
[WhiteElo "2011"]
[BlackElo "1772"]
[PlyCount "54"]
[EventDate "2012.04.10"]
[EventType "swiss"]
[EventRounds "9"]
[EventCountry "SRB"]
[SourceTitle "CBM 148 Extra"]
[Source "ChessBase"]
[SourceDate "2012.06.22"]
[SourceVersion "1"]
[SourceVersionDate "2012.06.22"]
[SourceQuality "1"]

1. e4 c5 2. Nf3 d6 3. c3 Nf6 4. h3 g6 5. Bd3 Bg7 6. Bc2 0-0 7. 0-0 Qc7 8. d4 Nbd7 9. Re1 cxd4 10. cxd4 Nb6 11. Nc3 Rd8 12. Qe2 Be6 13. Nb5 Qc8 14. d5 Bd7 15. Nc3 Be8 16. Bb3 Nfd7 17. Bg5 f6 18. Be3 Nc5 19. Bc2 Nba4 20. Nxa4 Nxa4 21. Rac1 Qb8 22. Bb1 b5 23. Nd4 a6 24. Ne6 Rc8 25. Rxc8 Qxc8 26. Rc1 Qb8 27. Nc7 Ra7 1-0

[Event "SRB Kadetski festival U18 6th"]
[Site "Vrnjacka Banja"]
[Date "2012.04.13"]
[Round "5"]
[White "Lazovic, Bozidar"]
[Black "Djordjevic, Danilo"]
[Result "0-1"]
[WhiteElo "1772"]
[BlackElo "1965"]
[PlyCount "82"]
[EventDate "2012.04.10"]
[EventType "swiss"]
[EventRounds "9"]
[EventCountry "SRB"]
[SourceTitle "CBM 148 Extra"]
[Source "ChessBase"]
[SourceDate "2012.06.22"]
[SourceVersion "1"]
[SourceVersionDate "2012.06.22"]
[SourceQuality "1"]

1. e4 d5 2. d3 dxe4 3. dxe4 Qxd1+ 4. Kxd1 Nc6 5. Be3 Nf6 6. f3 Be6 7. c3 0-0-0+ 8. Kc2 a6 9. Ne2 Bd7 10. Nd4 e5 11. Nxc6 Bxc6 12. a4 a5 13. Nd2 b6 14. Be2 Nd7 15. Rhb1 Bc5 16. Bxc5 Nxc5 17. b4 axb4 18. cxb4 Ne6 19. Nb3 Nd4+ 20. Nxd4 Rxd4 21. b5 Bb7 22. Kc3 Rhd8 23. Rd1 Rxd1 24. Rxd1 Rxd1 25. Bxd1 Kd7 26. Bb3 Ke7 27. Kd3 g6 28. Kc3 f5 29. exf5 gxf5 30. Bg8 h6 31. Kc4 Kd6 32. Kd3 Ke7 33. Kc4 Kd6 34. Kd3 c6 35. Bh7 cxb5 36. axb5 Bc8 37. Bg6 Bd7 38. Kc3 Kc5 39. h3 f4 40. Kd3 Bxb5+ 41. Ke4 Kd6 0-1

[Event "Paracin-ch"]
[Site "Paracin"]
[Date "2012.01.27"]
[Round "6"]
[White "Lazovic, Bozidar"]
[Black "Radovic, Janko"]
[Result "0-1"]
[WhiteElo "1779"]
[BlackElo "2033"]
[PlyCount "68"]
[EventDate "2012.01.20"]
[EventType "swiss"]
[EventRounds "9"]
[EventCountry "SRB"]
[SourceTitle "CBM 146 Extra"]
[Source "ChessBase"]
[SourceDate "2012.02.29"]
[SourceVersion "1"]
[SourceVersionDate "2012.02.29"]
[SourceQuality "1"]

1. d4 Nf6 2. Bf4 g6 3. e3 Bg7 4. Bd3 d5 5. Nd2 0-0 6. Ngf3 c5 7. c3 Nc6 8. 0-0 Nd7 9. Re1 Qb6 10. Rb1 Re8 11. Bc2 Nf8 12. dxc5 Qxc5 13. Nb3 Qb5 14. e4 dxe4 15. Bxe4 e5 16. Bxc6 bxc6 17. Be3 Bf5 18. Ra1 Rad8 19. Qc1 Ne6 20. Bh6 a5 21. c4 Bxh6 22. Qxh6 Qxc4 23. Nxe5 Qd5 24. Nf3 a4 25. Nbd2 Qd6 26. Nc4 Qf4 27. Qxf4 Nxf4 28. Nfe5 Rd4 29. Rad1 c5 30. Rxd4 cxd4 31. Nf3 Ne2+ 32. Kh1 Bg4 33. Nfe5 Nf4 34. h3 Be6 0-1

[Event "SRB Central-ch op-B 4th"]
[Site "Paracin"]
[Date "2011.07.15"]
[Round "9"]
[White "Zdravkovic, Dragan S"]
[Black "Lazovic, Bozidar"]
[Result "1/2-1/2"]
[WhiteElo "1949"]
[BlackElo "1744"]
[PlyCount "85"]
[EventDate "2011.07.08"]
[EventType "swiss"]
[EventRounds "9"]
[EventCountry "SRB"]
[SourceTitle "CBM 143 Extra"]
[Source "ChessBase"]
[SourceDate "2011.08.29"]
[SourceVersion "1"]
[SourceVersionDate "2011.08.29"]
[SourceQuality "1"]

1. e4 d6 2. d4 Nf6 3. Nc3 g6 4. h3 Bg7 5. Nf3 0-0 6. Bd3 Nbd7 7. 0-0 e5 8. Bg5 Qe8 9. Qd2 exd4 10. Nxd4 Nc5 11. Rae1 Nfd7 12. Nf3 Ne5 13. Nh4 f6 14. Bh6 Bxh6 15. Qxh6 Ncxd3 16. cxd3 g5 17. Nf5 Bxf5 18. exf5 Qf7 19. d4 Nd3 20. Re3 Nxb2 21. Re6 Qg7 22. Qh5 Nd3 23. Nd5 Rf7 24. Qe2 Nf4 25. Nxf4 gxf4 26. Qf3 Qg5 27. g4 fxg3 28. fxg3 Rg7 29. Kh2 h5 30. Re4 d5 31. Rh4 Re8 32. Rxh5 Qd2+ 33. Rf2 Qxd4 34. Rh4 Qc5 35. Re2 Rxe2+ 36. Qxe2 Qc6 37. Rd4 Qd7 38. Qh5 c6 39. Rh4 Qe7 40. Qf3 Qe5 41. Rb4 b6 42. Rb3 Qe4 43. Qc3 1/2-1/2

[Event "SRB Central-ch op-B 4th"]
[Site "Paracin"]
[Date "2011.07.14"]
[Round "8"]
[White "Lazovic, Bozidar"]
[Black "Lukic, Milutin"]
[Result "1/2-1/2"]
[WhiteElo "1744"]
[BlackElo "2026"]
[PlyCount "120"]
[EventDate "2011.07.08"]
[EventType "swiss"]
[EventRounds "9"]
[EventCountry "SRB"]
[SourceTitle "CBM 143 Extra"]
[Source "ChessBase"]
[SourceDate "2011.08.29"]
[SourceVersion "1"]
[SourceVersionDate "2011.08.29"]
[SourceQuality "1"]

1. e4 c5 2. g3 g6 3. Bg2 Nc6 4. Ne2 Bg7 5. 0-0 d6 6. Nbc3 Bg4 7. h3 Bd7 8. d3 Qc8 9. Kh2 h5 10. Be3 h4 11. g4 Nf6 12. f3 a6 13. Rb1 b5 14. d4 c4 15. Nf4 Rb8 16. Nfd5 Nxd5 17. Nxd5 e6 18. Nf4 Ne7 19. Ne2 Qc7 20. f4 d5 21. e5 f6 22. Kh1 Bc6 23. Qd2 Kd7 24. b3 Rbf8 25. bxc4 dxc4 26. Nc3 Bxg2+ 27. Kxg2 Qc6+ 28. Kh2 f5 29. g5 Rb8 30. Rbd1 Nd5 31. Nxd5 Qxd5 32. Qg2 Kc6 33. Qd2 b4 34. Rb1 a5 35. c3 Bf8 36. cxb4 Bxb4 37. Qc2 Kd7 38. a3 Be7 39. Rbc1 Rhc8 40. Bf2 Rb3 41. Bxh4 Rh8 42. Bg3 Rhb8 43. a4 Rd3 44. Qxc4 Rb2+ 45. Rf2 Rxf2+ 46. Bxf2 Qxc4 47. Rxc4 Rd2 48. Kg2 Bb4 49. Kf1 Ra2 50. h4 Rxa4 51. Ke2 Ra2+ 52. Kf3 Ra3+ 53. Ke2 Ra2+ 54. Kf3 Bd2 55. Bg3 Ra3+ 56. Ke2 Ra2 57. Kd3 Bb4 58. Ke3 Bd2+ 59. Kd3 a4 60. Rc2 Ra3+ 1/2-1/2